Statistiques concernant Personnages, Super Smash Bros Wii U & 3Ds

Cliquez ici pour prendre le quiz!

Statistiques générales

  • Ce quiz a été pris 166 fois
  • Le résultat moyen est 36 sur 56

Statistiques - réponses

Réponse% Correct
Le monde des champignons :Mario
99%
Peach
97%
Luigi
95%
Bowser
94%
Bowser Jr.
94%
La Triforce vous accompagne !Link
92%
Link Cartoon
92%
Zelda
92%
La série des singesDonkey Kong
90%
Le monde d'une boule roseKirby
90%
PokémonPikachu
89%
MetroidSamus
87%
Diddy Kong
83%
Star foxFox
82%
Dracaufeu
77%
Ganondorf
77%
Sheik
77%
Falco
76%
Lucario
76%
Roi Dadiou
75%
Samus sans armure
74%
Kid IcarusPit
73%
Rondoudou
73%
Yoshi
73%
DLCMewtwo
71%
Marth
70%
Fire emblemIke
68%
Palutena
68%
Wario
68%
Pit Maléfique
65%
Amphinobi
63%
Lucina
58%
Harmonie et Luma
56%
Dr. Mario
53%
Roy
53%
Lucas
52%
Ness
52%
Bayonetta
50%
Daraen
50%
Pac-Man
50%
Sonic
50%
Ryu
49%
Captain Falcon
47%
Cloud
44%
R.O.B.
44%
Olimar
42%
Mega Man
41%
Little Mac
39%
Autres séries sans indicesMr. Game & Watch
36%
Corrin
35%
Shulk
34%
Mii
33%
Duck Hunt
30%
Villageois
30%
Entraineur Wii FIt
25%
Meta Knght
8%

Distribution des résultats

Percentile par nombre de réponses

% des personnes avec chaque résultat

Votre développement - résultats

Vous n’avez pas pris ce quiz